Fijman : poeta entre dos vidas /
Saved in:
| Format: | Book |
|---|---|
| Published: |
Buenos Aires :
de la Flor,
1992
|
| LEADER | 00351nam a22001097a 4500 | ||
|---|---|---|---|
| 003 | AR-BeUNQ | ||
| 005 | 20240311095056.0 | ||
| 999 | |c 36404 |d 120204 | ||
| 245 | |a Fijman : |b poeta entre dos vidas / |c Juan-Jacobo Bajarlía. | ||
| 260 | |a Buenos Aires : |b de la Flor, |c 1992 | ||
| 929 | |a DONACION |b Margarita Pierini |d 150,00 |e 20170714 |g 3252 |o PR |f PAT0067466 |h 1 |l Estante B | ||
| 942 | |c LIB |n 0 | ||